La cerámica trecentista en los países de la Corona de Aragón / (Record no. 111352)

MARC details
000 -LEADER
campo de control de longitud fija 00447nam a2200145 4500
001 - NÚMERO DE CONTROL
campo de control 111352
003 - IDENTIFICADOR DE NÚMERO DE CONTROL
campo de control ES-MaACL
007 - CAMPO FIJO DE DESCRIPCIÓN FÍSICA--INFORMACIÓN GENERAL
campo de control de longitud fija t|
008 - DATOS DE LONGITUD FIJA--INFORMACIÓN GENERAL
campo de control de longitud fija 061121s1952 sp r ||||1| spa d
100 1# - ENTRADA PRINCIPAL--NOMBRE DE PERSONA
Nombre de persona Olivar Daydi, M.
9 (RLIN) 86763
245 13 - MENCIÓN DEL TÍTULO
Título La cerámica trecentista en los países de la Corona de Aragón /
Mención de responsabilidad, etc. M. Olivar Daydi.
260 ## - PUBLICACIÓN, DISTRIBUCIÓN, ETC.
Lugar de publicación, distribución, etc. Barcelona :
Nombre del editor, distribuidor, etc. Seix Barral,
Fecha de publicación, distribución, etc. 1952.
300 ## - DESCRIPCIÓN FÍSICA
Extensión 154 p., 1-124 lám. ;
Dimensiones 33 cm.
852 ## - LOCALIZACIÓN
Ubicación ES-MaACL
Número de control de estantería C-5948
Sublocalización o colección R.34205
Holdings
Estatus retirado Estado de pérdida Estado de daño No para préstamo Biblioteca de origen Biblioteca actual Ubicación en estantería Fecha de adquisición Fuente de adquisición Total de préstamos Signatura topográfica completa Código de barras Visto por última vez Precio de reemplazo Tipo de ítem Koha
        Biblioteca del Ateneo de Madrid Biblioteca del Ateneo de Madrid Sala Palomar 17/01/2008     C-5948 1116171 23/02/2023 23/02/2023 Libro impreso